000 00404nam a2200181Ia 4500
001 1119
005 20260306140608.0
008 260306t2001||||xx |||||||||||||| ||spa||
041 _aESP
082 _a183.2
_bP66
100 _aPlatón
_eAUT
245 0 _aApología de Sócrates
260 _c2001
300 _a169 páginas :
_c20 cm.
650 _aGEN
654 _aCHU
942 _cLIB
_dJUS
_fJUS
_2ddc
_n
999 _c1119
_d1119